000 00549nam a2200217Ia 4500
003 OSt
005 20220928140653.0
006 a|||||r|||| 00| 0
007 ta
008 220927b |||||||| |||| 00| 0 eng d
024 _a10832
037 _cTextual
040 _aSDCL
_cSDCL
_beng
041 _2eng
_aeng
082 _aCN1, K9
100 _aMahanthappa Kalyana Ed.
_9496841
245 0 _aQuantum fluids and nuclear matter
260 _c1968
942 _hCN1, K9
_cTEXL
_2CC
999 _c813296
_d813296